<?xml version="1.0" encoding="UTF-8"?>
<record
    xmlns:xsi="http://www.w3.org/2001/XMLSchema-instance"
    xsi:schemaLocation="http://www.loc.gov/MARC21/slim http://www.loc.gov/standards/marcxml/schema/MARC21slim.xsd"
    xmlns="http://www.loc.gov/MARC21/slim">

  <leader>04165nam0a22006131  4500</leader>
  <controlfield tag="001">RU\NLR\A1\20709</controlfield>
  <controlfield tag="005">20260406165619.0</controlfield>
  <datafield tag="035" ind1=" " ind2=" ">
    <subfield code="a">(NLR Aleph) 009676166</subfield>
  </datafield>
  <datafield tag="090" ind1=" " ind2=" ">
    <subfield code="a">9683447</subfield>
    <subfield code="c">9683447</subfield>
  </datafield>
  <datafield tag="100" ind1=" " ind2=" ">
    <subfield code="a">19990725d1793    u  y0rusy50      ca</subfield>
  </datafield>
  <datafield tag="101" ind1="0" ind2=" ">
    <subfield code="a">rus</subfield>
    <subfield code="a">grc</subfield>
    <subfield code="a">lat</subfield>
    <subfield code="a">ger</subfield>
    <subfield code="a">fre</subfield>
  </datafield>
  <datafield tag="102" ind1=" " ind2=" ">
    <subfield code="a">RU</subfield>
  </datafield>
  <datafield tag="135" ind1=" " ind2=" ">
    <subfield code="a">crcn 024anaba</subfield>
  </datafield>
  <datafield tag="200" ind1="1" ind2=" ">
    <subfield code="a">&#x422;&#x43E;&#x440;&#x436;&#x435;&#x441;&#x442;&#x432;&#x43E; &#x43C;&#x443;&#x437; &#x418;&#x43C;&#x43F;&#x435;&#x440;&#x430;&#x442;&#x43E;&#x440;&#x441;&#x43A;&#x430;&#x433;&#x43E; &#x41C;&#x43E;&#x441;&#x43A;&#x43E;&#x432;&#x441;&#x43A;&#x430;&#x433;&#x43E; &#x443;&#x43D;&#x438;&#x432;&#x435;&#x440;&#x441;&#x438;&#x442;&#x435;&#x442;&#x430;,</subfield>
    <subfield code="e">&#x43F;&#x43E; &#x441;&#x43B;&#x443;&#x447;&#x430;&#x44E; &#x431;&#x43B;&#x430;&#x433;&#x43E;&#x43F;&#x43E;&#x43B;&#x443;&#x447;&#x43D;&#x43E; &#x43A;&#x43E; &#x432;&#x441;&#x435;&#x43E;&#x431;&#x449;&#x435;&#x439; &#x440;&#x430;&#x434;&#x43E;&#x441;&#x442;&#x438; &#x441;&#x43E;&#x432;&#x435;&#x440;&#x448;&#x438;&#x432;&#x448;&#x430;&#x433;&#x43E;&#x441;&#x44F; &#x431;&#x440;&#x430;&#x43A;&#x43E;&#x441;&#x43E;&#x447;&#x435;&#x442;&#x430;&#x43D;&#x438;&#x44F; &#x438;&#x445; &#x438;&#x43C;&#x43F;&#x435;&#x440;&#x430;&#x442;&#x43E;&#x440;&#x441;&#x43A;&#x438;&#x445; &#x432;&#x44B;&#x441;&#x43E;&#x447;&#x435;&#x441;&#x442;&#x432; &#x431;&#x43B;&#x430;&#x433;&#x43E;&#x432;&#x435;&#x440;&#x43D;&#x430;&#x433;&#x43E; &#x433;&#x43E;&#x441;&#x443;&#x434;&#x430;&#x440;&#x44F; &#x432;&#x435;&#x43B;&#x438;&#x43A;&#x430;&#x433;&#x43E; &#x43A;&#x43D;&#x44F;&#x437;&#x44F; &#x410;&#x43B;&#x435;&#x43A;&#x441;&#x430;&#x43D;&#x434;&#x440;&#x430; &#x41F;&#x430;&#x432;&#x43B;&#x43E;&#x432;&#x438;&#x447;&#x430; &#x441; &#x431;&#x43B;&#x430;&#x433;&#x43E;&#x432;&#x435;&#x440;&#x43D;&#x43E;&#x44E; &#x433;&#x43E;&#x441;&#x443;&#x434;&#x430;&#x440;&#x44B;&#x43D;&#x435;&#x44E; &#x432;&#x435;&#x43B;&#x438;&#x43A;&#x43E;&#x44E; &#x43A;&#x43D;&#x44F;&#x433;&#x438;&#x43D;&#x435;&#x44E; &#x415;&#x43B;&#x438;&#x441;&#x430;&#x432;&#x435;&#x442;&#x43E;&#x44E; &#x410;&#x43B;&#x435;&#x43A;&#x441;&#x435;&#x435;&#x432;&#x43D;&#x43E;&#x44E;, &#x43F;&#x440;&#x43E;&#x438;&#x437;&#x43D;&#x435;&#x441;&#x435;&#x43D;&#x43D;&#x43E;&#x435; &#x432; &#x43E;&#x43D;&#x43E;&#x43C; &#x43E;&#x43A;&#x442;&#x44F;&#x431;&#x440;&#x44F; 26 &#x434;&#x43D;&#x44F; 1793 &#x433;&#x43E;&#x434;&#x430;.</subfield>
  </datafield>
  <datafield tag="210" ind1=" " ind2=" ">
    <subfield code="a">&#x41C;&#x43E;&#x441;&#x43A;&#x432;&#x430;</subfield>
    <subfield code="c">&#x412; &#x423;&#x43D;&#x438;&#x432;&#x435;&#x440;&#x441;&#x438;&#x442;&#x435;&#x442;&#x441;&#x43A;&#x43E;&#x439; &#x442;&#x438;&#x43F;&#x43E;&#x433;&#x440;&#x430;&#x432;&#x438;&#x438;, &#x443; &#x412;. &#x41E;&#x43A;&#x43E;&#x440;&#x43E;&#x43A;&#x43E;&#x432;&#x430;</subfield>
    <subfield code="d">1793</subfield>
  </datafield>
  <datafield tag="215" ind1=" " ind2=" ">
    <subfield code="a">[6], 29, [1], 8 &#x441;.</subfield>
    <subfield code="d">4&#xB0;</subfield>
  </datafield>
  <datafield tag="303" ind1=" " ind2=" ">
    <subfield code="a">&#x422;&#x435;&#x43A;&#x441;&#x442; &#x43D;&#x430; &#x433;&#x440;&#x435;&#x447;., &#x43B;&#x430;&#x442;., &#x43D;&#x435;&#x43C;., &#x444;&#x440;. &#x438; &#x440;&#x443;&#x441;. &#x44F;&#x437;.</subfield>
  </datafield>
  <datafield tag="303" ind1=" " ind2=" ">
    <subfield code="a">&#x41E;&#x434;&#x430; "&#x41E;&#x442; &#x432;&#x43E;&#x441;&#x43F;&#x438;&#x442;&#x430;&#x43D;&#x43D;&#x438;&#x43A;&#x43E;&#x432; &#x443;&#x447;&#x440;&#x435;&#x436;&#x434;&#x435;&#x43D;&#x43D;&#x430;&#x433;&#x43E; &#x43F;&#x440;&#x438; &#x423;&#x43D;&#x438;&#x432;&#x435;&#x440;&#x441;&#x438;&#x442;&#x435;&#x442;&#x435; &#x411;&#x43B;&#x430;&#x433;&#x43E;&#x440;&#x43E;&#x434;&#x43D;&#x43E;&#x433;&#x43E; &#x43F;&#x430;&#x43D;&#x441;&#x438;&#x43E;&#x43D;&#x430;..." &#x438;&#x43C;&#x435;&#x435;&#x442; &#x43E;&#x442;&#x434;. &#x448;&#x43C;&#x443;&#x446;&#x442;&#x438;&#x442;.</subfield>
  </datafield>
  <datafield tag="316" ind1=" " ind2=" ">
    <subfield code="a">&#x42D;&#x43A;&#x437;. &#x420;&#x41D;&#x411; (18.50.4.26). &#x420;&#x430;&#x437;&#x43C;&#x435;&#x440;: 24,0&#x445;18,7&#x445;0,7 &#x441;&#x43C;</subfield>
    <subfield code="5">NLR: 18.50.4.26</subfield>
  </datafield>
  <datafield tag="321" ind1="1" ind2=" ">
    <subfield code="a">&#x421;&#x41A; XVIII 7300</subfield>
  </datafield>
  <datafield tag="325" ind1=" " ind2=" ">
    <subfield code="a">&#x41A;&#x43E;&#x43F;&#x438;&#x44F; &#x434;&#x43E;&#x441;&#x442;&#x443;&#x43F;&#x43D;&#x430; &#x432; &#x42D;&#x43B;&#x435;&#x43A;&#x442;&#x440;&#x43E;&#x43D;. &#x431;-&#x43A;&#x435; &#x420;&#x41D;&#x411;</subfield>
  </datafield>
  <datafield tag="327" ind1="0" ind2=" ">
    <subfield code="a">&#x421;&#x43E;&#x434;&#x435;&#x440;&#x436;.: [&#x41A;&#x440;&#x430;&#x442;&#x43A;&#x43E;&#x435; &#x43E;&#x43F;&#x438;&#x441;&#x430;&#x43D;&#x438;&#x435; &#x442;&#x43E;&#x440;&#x436;&#x435;&#x441;&#x442;&#x432;&#x430;] (&#x421;. [3-6]); [&#x421;&#x43B;&#x43E;&#x432;&#x43E; / &#x43F;&#x440;&#x43E;&#x444;. &#x41F;.&#x418;. &#x421;&#x442;&#x440;&#x430;&#x445;&#x43E;&#x432;] (&#x421;. 1-11); [&#x421;&#x442;&#x438;&#x445;&#x438; &#x418;.&#x412;.&#x41B;. &#x41C;&#x435;&#x43B;&#x44C;&#x43C;&#x430;&#x43D;&#x430;, &#x424;.&#x413;. &#x411;&#x430;&#x443;&#x437;&#x435;, &#x416;.&#x416;.&#x42D;. &#x411;&#x43E;&#x434;&#x443;&#x44D;&#x43D;&#x430;, &#x415;.&#x418;. &#x41A;&#x43E;&#x441;&#x442;&#x440;&#x43E;&#x432;&#x430; &#x43D;&#x430; &#x433;&#x440;&#x435;&#x447;., &#x43B;&#x430;&#x442;., &#x43D;&#x435;&#x43C;., &#x444;&#x440;. &#x438; &#x440;&#x443;&#x441;. &#x44F;&#x437;.] (&#x421;. 12-29, [1]); &#x41E;&#x442; &#x432;&#x43E;&#x441;&#x43F;&#x438;&#x442;&#x430;&#x43D;&#x43D;&#x438;&#x43A;&#x43E;&#x432; &#x443;&#x447;&#x440;&#x435;&#x436;&#x434;&#x435;&#x43D;&#x43D;&#x430;&#x433;&#x43E; &#x43F;&#x440;&#x438; &#x423;&#x43D;&#x438;&#x432;&#x435;&#x440;&#x441;&#x438;&#x442;&#x435;&#x442;&#x435; &#x411;&#x43B;&#x430;&#x433;&#x43E;&#x440;&#x43E;&#x434;&#x43D;&#x430;&#x433;&#x43E; &#x43F;&#x430;&#x43D;&#x441;&#x438;&#x43E;&#x43D;&#x430; : [&#x41E;&#x434;&#x430;] / &#x410;&#x43B;&#x435;&#x43A;&#x441;&#x430;&#x43D;&#x434;&#x440; &#x425;&#x430;&#x43D;&#x435;&#x43D;&#x43A;&#x43E; (&#x421;.1-8, &#x43F;&#x430;&#x433;.2-&#x44F;)</subfield>
  </datafield>
  <datafield tag="620" ind1=" " ind2=" ">
    <subfield code="d">&#x41C;&#x43E;&#x441;&#x43A;&#x432;&#x430;</subfield>
  </datafield>
  <datafield tag="702" ind1=" " ind2="0">
    <subfield code="4">570</subfield>
    <subfield code="8">rus</subfield>
    <subfield code="7">ca</subfield>
    <subfield code="a">&#x410;&#x43B;&#x435;&#x43A;&#x441;&#x430;&#x43D;&#x434;&#x440;</subfield>
    <subfield code="c">&#x438;&#x43C;&#x43F;&#x435;&#x440;&#x430;&#x442;&#x43E;&#x440; &#x440;&#x43E;&#x441;&#x441;&#x438;&#x439;&#x441;&#x43A;&#x438;&#x439;</subfield>
    <subfield code="d">I</subfield>
    <subfield code="f">1777-1825</subfield>
    <subfield code="3">RU\NLR\AUTH\775342</subfield>
    <subfield code="9">115306</subfield>
  </datafield>
  <datafield tag="702" ind1=" " ind2="0">
    <subfield code="4">570</subfield>
    <subfield code="8">rus</subfield>
    <subfield code="7">ca</subfield>
    <subfield code="a">&#x415;&#x43B;&#x438;&#x437;&#x430;&#x432;&#x435;&#x442;&#x430; &#x410;&#x43B;&#x435;&#x43A;&#x441;&#x435;&#x435;&#x432;&#x43D;&#x430;</subfield>
    <subfield code="c">&#x438;&#x43C;&#x43F;&#x435;&#x440;&#x430;&#x442;&#x440;&#x438;&#x446;&#x430; &#x440;&#x43E;&#x441;&#x441;&#x438;&#x439;&#x441;&#x43A;&#x430;&#x44F;</subfield>
    <subfield code="f">1779-1826</subfield>
    <subfield code="3">RU\NLR\AUTH\7712136</subfield>
    <subfield code="9">121867</subfield>
  </datafield>
  <datafield tag="702" ind1=" " ind2="1">
    <subfield code="4">070</subfield>
    <subfield code="7">ca</subfield>
    <subfield code="8">rus</subfield>
    <subfield code="a">&#x421;&#x442;&#x440;&#x430;&#x445;&#x43E;&#x432;</subfield>
    <subfield code="b">&#x41F;. &#x418;.</subfield>
    <subfield code="c">&#x444;&#x438;&#x437;&#x438;&#x43A;</subfield>
    <subfield code="f">1757-1813</subfield>
    <subfield code="g">&#x41F;&#x435;&#x442;&#x440; &#x418;&#x432;&#x430;&#x43D;&#x43E;&#x432;&#x438;&#x447;</subfield>
    <subfield code="9">168610</subfield>
    <subfield code="3">RU\NLR\AUTH\770168659</subfield>
  </datafield>
  <datafield tag="702" ind1=" " ind2="1">
    <subfield code="a">&#x41C;&#x435;&#x43B;&#x44C;&#x43C;&#x430;&#x43D;</subfield>
    <subfield code="b">&#x418;.&#x412;.&#x41B;.</subfield>
    <subfield code="f">1765-1795</subfield>
    <subfield code="g">&#x418;&#x43E;&#x433;&#x430;&#x43D;&#x43D; &#x412;&#x438;&#x43B;&#x44C;&#x433;&#x435;&#x43B;&#x44C;&#x43C; &#x41B;&#x44E;&#x434;&#x432;&#x438;&#x433;</subfield>
    <subfield code="4">070</subfield>
  </datafield>
  <datafield tag="702" ind1=" " ind2="1">
    <subfield code="4">070</subfield>
    <subfield code="7">ca</subfield>
    <subfield code="8">rus</subfield>
    <subfield code="a">&#x411;&#x430;&#x443;&#x437;&#x435;</subfield>
    <subfield code="b">&#x424;. &#x413;.</subfield>
    <subfield code="f">1752-1812</subfield>
    <subfield code="g">&#x424;&#x451;&#x434;&#x43E;&#x440; &#x413;&#x440;&#x438;&#x433;&#x43E;&#x440;&#x44C;&#x435;&#x432;&#x438;&#x447;</subfield>
    <subfield code="9">169026</subfield>
    <subfield code="3">RU\NLR\AUTH\770169076</subfield>
  </datafield>
  <datafield tag="702" ind1=" " ind2="1">
    <subfield code="a">&#x411;&#x43E;&#x434;&#x443;&#x44D;&#x43D;</subfield>
    <subfield code="b">&#x416;.&#x416;.&#x424;.&#x42D;.</subfield>
    <subfield code="f">-1796</subfield>
    <subfield code="g">&#x416;&#x430;&#x43D; &#x416;&#x430;&#x43A; &#x424;&#x440;&#x430;&#x43D;&#x441;&#x443;&#x430; &#x42D;&#x442;&#x44C;&#x435;&#x43D;</subfield>
    <subfield code="4">070</subfield>
  </datafield>
  <datafield tag="702" ind1=" " ind2="1">
    <subfield code="4">070</subfield>
    <subfield code="8">rus</subfield>
    <subfield code="7">ca</subfield>
    <subfield code="a">&#x41A;&#x43E;&#x441;&#x442;&#x440;&#x43E;&#x432;</subfield>
    <subfield code="b">&#x415;. &#x418;.</subfield>
    <subfield code="f">1755-1796</subfield>
    <subfield code="g">&#x415;&#x440;&#x43C;&#x438;&#x43B; &#x418;&#x432;&#x430;&#x43D;&#x43E;&#x432;&#x438;&#x447;</subfield>
    <subfield code="3">RU\NLR\AUTH\7758260</subfield>
    <subfield code="9">41192</subfield>
  </datafield>
  <datafield tag="702" ind1=" " ind2="1">
    <subfield code="4">610</subfield>
    <subfield code="7">ca</subfield>
    <subfield code="8">rus</subfield>
    <subfield code="a">&#x41E;&#x43A;&#x43E;&#x440;&#x43E;&#x43A;&#x43E;&#x432;</subfield>
    <subfield code="b">&#x412;. &#x418;.</subfield>
    <subfield code="f">1758-</subfield>
    <subfield code="g">&#x412;&#x430;&#x441;&#x438;&#x43B;&#x438;&#x439; &#x418;&#x432;&#x430;&#x43D;&#x43E;&#x432;&#x438;&#x447;</subfield>
    <subfield code="9">158374</subfield>
    <subfield code="3">RU\NLR\AUTH\770158415</subfield>
  </datafield>
  <datafield tag="702" ind1=" " ind2="1">
    <subfield code="a">&#x425;&#x430;&#x43D;&#x435;&#x43D;&#x43A;&#x43E;</subfield>
    <subfield code="b">&#x410;.&#x418;.</subfield>
    <subfield code="g">&#x410;&#x43B;&#x435;&#x43A;&#x441;&#x430;&#x43D;&#x434;&#x440; &#x418;&#x433;&#x43D;&#x430;&#x442;&#x44C;&#x435;&#x432;&#x438;&#x447;</subfield>
    <subfield code="4">070</subfield>
  </datafield>
  <datafield tag="712" ind1="0" ind2="2">
    <subfield code="a">&#x41C;&#x43E;&#x441;&#x43A;&#x43E;&#x432;&#x441;&#x43A;&#x438;&#x439; &#x443;&#x43D;&#x438;&#x432;&#x435;&#x440;&#x441;&#x438;&#x442;&#x435;&#x442;</subfield>
    <subfield code="b">&#x422;&#x438;&#x43F;&#x43E;&#x433;&#x440;&#x430;&#x444;&#x438;&#x44F;</subfield>
    <subfield code="4">610</subfield>
  </datafield>
  <datafield tag="801" ind1=" " ind2="0">
    <subfield code="a">RU</subfield>
    <subfield code="b">NLR</subfield>
    <subfield code="c">19990725</subfield>
  </datafield>
  <datafield tag="852" ind1=" " ind2=" ">
    <subfield code="a">NLR</subfield>
    <subfield code="j">18.50.4.26</subfield>
  </datafield>
  <datafield tag="856" ind1=" " ind2="0">
    <subfield code="u">http://vivaldi.nlr.ru/bx700000205/view</subfield>
  </datafield>
  <datafield tag="856" ind1=" " ind2="1">
    <subfield code="u">http://vivaldi.nlr.ru/bx700000205/cover</subfield>
  </datafield>
  <datafield tag="856" ind1=" " ind2="2">
    <subfield code="u">http://vivaldi.nlr.ru/bx700000205/text</subfield>
  </datafield>
  <datafield tag="899" ind1=" " ind2=" ">
    <subfield code="a">&#x417;&#x41D;&#x411; &#x421;&#x413;&#x423;</subfield>
  </datafield>
  <datafield tag="899" ind1=" " ind2=" ">
    <subfield code="a">&#x420;&#x413;&#x411;</subfield>
  </datafield>
  <datafield tag="899" ind1=" " ind2=" ">
    <subfield code="a">&#x411;&#x410;&#x41D;</subfield>
  </datafield>
  <datafield tag="899" ind1=" " ind2=" ">
    <subfield code="a">&#x41C;&#x413;&#x423;</subfield>
  </datafield>
  <datafield tag="899" ind1=" " ind2=" ">
    <subfield code="a">&#x413;&#x41F;&#x418;&#x411;</subfield>
  </datafield>
  <datafield tag="899" ind1=" " ind2=" ">
    <subfield code="a">&#x412;&#x41C;&#x41F;</subfield>
  </datafield>
  <datafield tag="942" ind1=" " ind2=" ">
    <subfield code="c">BOOK</subfield>
  </datafield>
  <datafield tag="980" ind1=" " ind2=" ">
    <subfield code="a">NB</subfield>
  </datafield>
  <datafield tag="980" ind1="3" ind2=" ">
    <subfield code="a">kpcivil</subfield>
  </datafield>
  <datafield tag="980" ind1="3" ind2=" ">
    <subfield code="a">kp</subfield>
  </datafield>
  <datafield tag="980" ind1=" " ind2=" ">
    <subfield code="a">A1XVIIIv</subfield>
  </datafield>
  <datafield tag="981" ind1="2" ind2="0">
    <subfield code="a">(20) &#x41A;&#x43D;&#x438;&#x436;&#x43D;&#x44B;&#x435; &#x43F;&#x430;&#x43C;&#x44F;&#x442;&#x43D;&#x438;&#x43A;&#x438; &#x420;&#x41D;&#x411;</subfield>
    <subfield code="b">(20) &#x420;&#x443;&#x441;&#x441;&#x43A;&#x438;&#x439; &#x43A;&#x43D;&#x438;&#x436;&#x43D;&#x44B;&#x439; &#x444;&#x43E;&#x43D;&#x434;</subfield>
  </datafield>
  <datafield tag="995" ind1=" " ind2=" ">
    <subfield code="5">2016-05-13</subfield>
    <subfield code="b">NLR02</subfield>
    <subfield code="c">NLR02</subfield>
    <subfield code="e">RFS</subfield>
    <subfield code="f">9676166-10</subfield>
    <subfield code="k">18.50.4.26</subfield>
    <subfield code="o">0</subfield>
    <subfield code="r">BOOK</subfield>
    <subfield code="s">1850426_</subfield>
  </datafield>
</record>
